000 01071nam a22003497a 4500
001 BR2016001212
003 BR-BrBNA
005 20230928104832.0
007 ta
008 230509b bl.||||| |||| 00| 0 por d
040 _aBR-BrBNA
_bpor
_cBiblioteca Nacional de Agricultura
041 _a(Por)
072 _aH20; F04
_b2120
_b4120
_b3820
_b3810
090 _ 2120 BR2016001212
100 1 _aPérez, C.D.P.
110 1 _aUniversidade Federal de Lavras, MG (Brasil)
_0Tese (Mestrado)
245 1 _aInteração do nitrogênio com o potássio na intensidade da ferrugem e da mancha aureolada do cafeeiro em solução nutritiva
260 3 _aLavras, MG (Brasil):
_c2015.
300 _a57 p.
500 _aSummaries (Eng, Por); Bibliography p. 49-57; 7 illus.
650 _aCAFÉ
650 _aMUDA
650 _aFERRUGEM
650 _aNITROGÊNIO
650 _aPOTÁSSIO
650 _aMANCHA AUREOLADA
650 _aSOLUÇÃO NUTRITIVA
650 _aADUBAÇÃO
650 _aMODELO MATEMÁTICO
909 _a202309
_bLucia
_c55
_dLucia Elande
942 _cBK
999 _c81994
_d81994